Illinois Multiple Choice Quiz - Statistics

General Stats
  • This quiz has been taken 15 times
  • The average score is 12 of 15
Answer Stats
Question Answer % Correct
What year did Illinois become a state? 1818
100%
What is the 2nd largest city in Illinois? Aurora
100%
What is the Biggest City In Illinois? Chicago
100%
What state is next ahead of Illinois on corn production? Iowa
100%
What is the nickname of Illinois? Prairie State
100%
What is the tallest building in Illinois? Sears Tower
100%
What is the Capital of Illinois? Springfield
100%
Which of these is a Chicago suburb? Bolingbrook
80%
What is the closest major city to Chicago? Milwaukee
80%
Out of all 50 states where is Illinois on corn production? 2nd
60%
How many cities are there in Illinois with more than 100k people? 8
60%
What was the first capital of Illinois? Kaskaskia
60%
Which of these Illinois cities does NOT have a university? Pana
60%
Approximately how many people live in Illinois? 12.6 mil
40%
How many Electoral College votes does Illinois have? 20
40%
No matching quizzes found
Score Distribution
Percent of People with Each Score
Percentile by Number Answered
Your Score History
You have not taken this quiz